Integrácia bankových a poisťovacích produktov v SR a vo vybraných krajinách Európy
Na minha lista:
| Autor principal: | |
|---|---|
| Formato: | Capítulo de Livro |
| Idioma: | eslovaco |
| Tags: |
Sem tags, seja o primeiro a adicionar uma tag!
|
MARC
| LEADER | 00000naa$a2200000$$$4500 | ||
|---|---|---|---|
| 001 | 0190958 | ||
| 005 | 20240417075046.9 | ||
| 041 | 0 | |a slo | |
| 044 | |a SK | ||
| 245 | 1 | 0 | |a Integrácia bankových a poisťovacích produktov v SR a vo vybraných krajinách Európy |c Anton Korauš |
| 100 | 1 | |a Korauš, Antonín | |